000 01026nam a22003850a 4500
001 PT13904
003 AR-LpoUNG
005 20210131232609.0
008 191001suuuu||||mx |||||||||||||||||spa d
037 _c$16.39
040 _aAR-LpoUNG
_bspa
_cAR-LpoUNG
_eaacr
041 _aspa
082 0 _a372.044 7 667ma
100 1 _aGorgorió, N.
_ecoor.
245 1 0 _aMatemáticas y educación :
_bretos y cambios desde una perspectiva internacional
260 _as.l.
_bGraó,
_cs.f.
300 _a210 p. :
_btbls.
650 4 _aENSEÑANZA
650 4 _aPRACTICA
650 4 _aPRACTICA PEDAGOGICA
650 4 _aSISTEMAS DE ENSEÑANZA
651 4 _aDOCUMENTOS TEORICOS O METODOLOGICOS
700 1 _aAbreu, G. de
700 1 _aBalacheff, Nicolás
700 1 _aBishop, A.
_ecoor.
700 1 _aClements, K.
700 1 _aDeulofeu, J.
_ecoor.
700 1 _aDreyfus, T.
700 1 _aGoffre, F.
700 1 _aHilton, P.
700 1 _aNesher, P.
700 1 _aRuthven, K.
905 _a13904
942 _cLIB
999 _c16453
_d16453